Time-saver standards for landscape architecture : design and construction data

Αποθηκεύτηκε σε:
Λεπτομέρειες βιβλιογραφικής εγγραφής
Άλλοι συγγραφείς: Harris, Charles W. (Charles Ward) (Επιμελητής έκδοσης), Dines, Nicholas T. (Επιμελητής έκδοσης), Brown, Kyle D. (Επιμελητής έκδοσης)
Μορφή: Βιβλίο
Γλώσσα:English
Δημοσίευση: New York : McGraw-Hill, 1998
Έκδοση:2nd ed.
Θέματα:
Ετικέτες: Προσθήκη ετικέτας
Δεν υπάρχουν, Καταχωρήστε ετικέτα πρώτοι!

MARC

LEADER 00000nam a2200000 i 4500
001 1/90862
008 080711s1998 eng d
020 |a 0-07-017027-4 
035 |l 10098883 
040 |a GR-MY-UA  |b gre  |e aacr 
041 0 |a eng 
082 0 |a 712.0218  |2 (22) 
245 1 0 |a Time-saver standards for landscape architecture :  |b design and construction data /  |c co-editors, Charles W. Harris, Nicholas T. Dines, assistant editor, Kyle D. Brown 
250 |a 2nd ed. 
260 |a New York :   |b McGraw-Hill,   |c 1998 
300 |a ποικίλα σελιδαρίθμηση;  |b εικ.;  |c 29 εκ. 
504 |a Περιέχει βιβλιογραφικές παραπομπές και ευρετήριο 
650 0 0 |a Landscape architecture  |x Standards  |x Handbooks, manuals, etc. 
650 0 0 |a Construction industry  |x Standards  |x Handbooks, manuals, etc. 
650 0 0 |a Landscape architecture  |x Handbooks, manuals, etc. 
650 0 0 |a Building  |x Handbooks, manuals, etc. 
700 1 |a Harris, Charles W.  |q (Charles Ward)  |4 edt 
700 1 |a Dines, Nicholas T.  |4 edt 
700 1 |a Brown, Kyle D.  |4 edt 
852 |a INST  |b LESVOS  |e 20080711  |h 712.0218 TIM  |p 005100041746  |q 005100041746  |t BK  |y 0 
901 |a BIBL1-2008-2 
909 |a Λ  |b 143188 
922 |a 1ΕΛΗ  |b 200712  |c ΕΠΕΑΕΚ2/ΤΓ  |d ΠΑΠΑΣΩΤΗΡΙΟΥ 
970 |a ΚΑΡΑ  |b ΓΙΑΣΕΜΗ  |z 2008/07/11